000 00930nam a2200193 a 4500
001 56177
005 20180714051820.0
008 140415s2009 xxu 000 0 eng d
020 _a9780240810898
041 _aeng
082 _a070.18
_bRAB
100 1 _aRabiger, Michael,.
245 1 0 _aDIRECTING THE DOCUMENTARY
250 _a5ed.
260 _aESTADOS UNIDOS DE AMERICA :
_bELSEVIER,
_c2009
300 _a660
_c18.5 x 3.3 x 26
520 _aYOU WANT TO MAKE DOCUMENTARY FILMS? MOST OF WHAT YOULL NEED IS HERE TO ENCOURAGE YOU. USING A HANDS-ON, PROJECT-ORIENTED APPROACH AND TALKING TO YOU AS AN ARTIST AND COLLEAGUE, THE BOOK GUIDES YOU FROM BEGINNING TO ADVANCED LEVELS OF COMPETENCY. MANY PEOPLE ARE EXPERIENTIAL LEARNERS AND UNSUITED TO ABSORBING MASSES OF UNTRIED INFORMATION, SO THE BOOK ACCOMMODATES SEVERAL DIFFERENT KINDS OF LEARNER. SEE IF YOUR PROFILE IS HERE:
650 1 4 _aCINE DOCUMENTAL
999 _c56177
_d56177